000
00259nam a22001217a 4500
008
180222b xxu||||| |||| 00| 0 eng d
041
_a
eng
080
_a
94
100
_a
16
101
_a
his
245
_a
peoples and cultures
_c
rogers.a
942
_2
udc
_c
BK
999
_c
43162
_d
43162